Retorno al hogar /

Con este volumen, continúa la publicación de la dramaturgia de Harold Pinter, flamante Premio Nobel de literatura, en las cuidadosas versiones de Rafael Spregelburd. 'El montaplatos' (1957) pone en relación a dos asesinos a sueldo que esperan a su víctima en la sordidez de un sótano. De pronto, a tr...

Full description

Bibliographic Details
Main Author: Pinter, Harold 1930-
Format: Libro
Language:Spanish
Published: España Aymá 1970
Edition:1a. ed.
Subjects:

MARC

LEADER 00000cam a2200000 a 4500
001 021020
003 UAHC_CL
005 20170803121938.0
008 080908s2006 ag 000 d spa
040 |a UAHC_CL  |c UAHC_CL  |d UAHC_CL 
082 0 4 |a 822  |b P659  |2 21 
100 1 |a Pinter, Harold  |d 1930- 
245 1 0 |a Retorno al hogar /  |c Harold Pinter ; Traducción de Luis Escobar. 
250 |a 1a. ed. 
260 |b Aymá  |a España  |c 1970 
300 |a 139 p. 
520 |a Con este volumen, continúa la publicación de la dramaturgia de Harold Pinter, flamante Premio Nobel de literatura, en las cuidadosas versiones de Rafael Spregelburd. 'El montaplatos' (1957) pone en relación a dos asesinos a sueldo que esperan a su víctima en la sordidez de un sótano. De pronto, a través de un montaplatos, comienzan a llegarles los pedidos más insólitos. 'El invernadero' (1958, estrenada en 1980) despliega los conflictos que tienen lugar en una institutción incierta -¿casa de reposo, clínica de salud mental?- a partir de la muerte de uno de sus pacientes. 'Una noche de juerga' (1959) Albert Stokes, un joven de 28 años, intenta revertir el vínculo de sometimiento que tiene con su madre tras ser víctima de una humillación en una fiesta. En todos los casos, el ambiguo transcurrir entro lo real y lo imaginario, entre lo cotidiano y lo siniestro, se cierne sobre los personajes como una atmósfera agobiante y desestabilizadora. 
650 4 |a DRAMA INGLES 
653 |a OB. ACTUACION TEATRAL 
653 |a ACTUACION TEATRAL 
658 |a Olivarí, José Luis 
900 |a 822 PINR 
942 |c BK 
952 |0 0  |1 0  |4 0  |6 822_000000000000000_PINR  |7 0  |8 General  |9 41910  |a BS  |b BS  |c General  |d 2017-08-03  |l 2  |o 822 PINR  |p 1948  |r 2025-11-26 00:00:00  |s 2024-04-17  |t 1  |w 2017-08-03  |y BK  |z Fotocopia 
952 |0 0  |1 0  |4 0  |6 822_000000000000000_PINR  |7 0  |8 General  |9 41911  |a BS  |b BS  |c General  |d 2017-08-03  |l 0  |o 822 PINR  |p 1947  |r 2025-11-26 00:00:00  |t 2  |w 2017-08-03  |y BK  |z Fotocopia 
999 |c 21020  |d 21020